Inglés: programa de estudio, tercer año medio

Saved in:
Bibliografiske detaljer
Institution som forfatter: Ministerio de Educación (Author)
Format: Bog
Sprog:spansk
Udgivet: Santiago Ministerio de Educación 2000
Serier:Educación Media, Formación General, 3
Fag:
Tags: Tilføj Tag
Ingen Tags, Vær først til at tagge denne postø!

MARC

LEADER 00000nam a2200000 a 4500
001 UCN0480
003 CL-VaPUC
008 010323e20000000CL |||||||||||||||||spa|d
082 0 4 |a 372.65  |b MIN  |2 21 
110 |a Ministerio de Educación  |e author  |9 455736 
245 1 0 |a Inglés: programa de estudio, tercer año medio 
300 |a 150 p 
942 |c BK 
945 |d 20010323 00:00:00  |a vberengu 
260 |a Santiago  |b Ministerio de Educación  |c 2000 
650 0 |a Enseñanza del inglés  |9 367340 
650 0 |a Programas de educación  |9 339040 
650 0 |a Enseñanza de idiomas  |9 339820 
583 |a last modification  |c 20010323 00:00:00  |k Rodrigo Vera 
490 0 |a Educación Media, Formación General, 3 
999 |c 294228  |d 294226 
952 |0 0  |1 0  |4 0  |6 372_650000000000000_MIN_2000  |7 0  |8 R  |9 346274  |a BIBEDU  |b BIBEDU  |d 2019-11-20  |i 370436K  |o 372.65 MIN 2000  |p 370436K  |r 2019-11-20  |w 2019-11-20  |y BK_R  |k BME 
952 |0 0  |1 0  |4 0  |6 372_650000000000000_MIN_2000  |7 0  |8 R  |9 346275  |a BIBEDU  |b BIBEDU  |d 2019-11-20  |i 3704378  |o 372.65 MIN 2000  |p 3704378  |r 2019-11-20  |w 2019-11-20  |y BK_R  |k BME 
952 |0 0  |1 0  |4 0  |6 372_650000000000000_MIN_2000  |7 0  |8 R  |9 346276  |a BIBEDU  |b BIBEDU  |d 2019-11-20  |i 3706613  |o 372.65 MIN 2000  |p 3706613  |r 2019-11-20  |w 2019-11-20  |y BK_R  |k BME 
952 |0 0  |1 0  |4 0  |6 372_650000000000000_MIN_2000  |7 0  |8 R  |9 346277  |a BIBEDU  |b BIBEDU  |d 2019-11-20  |i 3778673  |o 372.65 MIN 2000  |p 3778673  |r 2019-11-20  |w 2019-11-20  |y BK_R  |k EPE 
952 |0 0  |1 0  |4 0  |6 372_650000000000000_MIN_2000  |7 0  |8 R  |9 346278  |a BIBEDU  |b BIBEDU  |d 2019-11-20  |i 3778665  |o 372.65 MIN 2000  |p 3778665  |r 2019-11-20  |w 2019-11-20  |y BK_R  |k EPE